|
|
|
|
| LEADER |
00000nam2a2200000 4500 |
| 001 |
296551 |
| 005 |
20231102000922.0 |
| 020 |
|
|
|a RU
|b 84-25373ж
|
| 035 |
|
|
|a (RuTPU)RU\TPU\book\321659
|
| 090 |
|
|
|a 296551
|
| 100 |
|
|
|a 20150601d1984 k y0rusy5003 ca
|
| 101 |
0 |
|
|a rus
|
| 102 |
|
|
|a BY
|
| 105 |
|
|
|a a z 001zy
|
| 200 |
0 |
|
|a Вып. 11
|
| 210 |
|
|
|d 1984
|
| 215 |
|
|
|d 21 см
|a 110 с.
|c ил.
|
| 461 |
|
1 |
|0 (RuTPU)RU\TPU\book\240785
|t Теоретическая и прикладная механика
|o республиканский межведомственный сборник научных трудов
|f Белорусский политехнический институт
|v Вып. 11
|d 1975-1989
|
| 606 |
1 |
|
|a Механика теоретическая
|2 stltpush
|3 (RuTPU)RU\TPU\subj\59441
|9 76991
|
| 606 |
1 |
|
|a Прикладная механика
|2 stltpush
|3 (RuTPU)RU\TPU\subj\51670
|9 70243
|
| 610 |
1 |
|
|a плоские упругие тела
|
| 610 |
1 |
|
|a квазистатическое погружение
|
| 610 |
1 |
|
|a оптимальные проекты
|
| 610 |
1 |
|
|a граничные условия
|
| 610 |
1 |
|
|a точечное выполнение
|
| 610 |
1 |
|
|a вариационные методы
|
| 610 |
1 |
|
|a сходимость
|
| 610 |
1 |
|
|a круглые пластины
|
| 610 |
1 |
|
|a устойчивость
|
| 610 |
1 |
|
|a метод граничных элементов
|
| 675 |
|
|
|a 531
|z rus
|v 4
|
| 675 |
|
|
|a 621.01:531
|z rus
|v 4
|
| 801 |
|
0 |
|a RU
|b RuMRKP
|c 19950704
|g psbo
|
| 801 |
|
1 |
|a RU
|b 63413507
|c 20150601
|
| 801 |
|
2 |
|a RU
|b 63413507
|c 20180531
|g RCR
|
| 942 |
|
|
|c BK
|